000
00202nam a22000977a 4500
082
_a
050
245
_a
GRUHSHOBHA - HINDI - MAY (SECOND) 2017
300
_a
116P
490
_a
MAY (SECOND) 2017
942
_c
CR
999
_c
3623
_d
3623